000 00547nam a2200193Ia 4500
003 OSt
005 20220925192522.0
006 a|||||r|||| 00| 0
007 ta
008 220923b |||||||| |||| 00| 0 eng d
037 _cGeneral Book
040 _aRTL
_cRTL
_beng
041 _2eng
_aeng
082 _aX9(M13).275.N59r, J9
245 0 _aStar paper mills ltd.
_b 23rd ,24th Annual report .
260 _aCalcutta
_bBajoria & co.
_c1959
942 _hX9(M13).275.N59r, J9
_cGB
_2CC
999 _c522481
_d522481